Страны, поддерживающие дипломатические отношения с Бутаном - Statistics

General Stats
  • This quiz has been taken 53 times
  • The average score is 31 of 54
Answer Stats
Страна % Correct
Индия
97%
Непал
87%
Австралия
82%
Австрия
79%
Япония
77%
Аргентина
74%
Казахстан
74%
Вьетнам
72%
Германия
72%
Пакистан
72%
Бразилия
69%
Индонезия
69%
Бангладеш
67%
Республика Корея
67%
Таиланд
67%
Турция
67%
Египет
64%
Афганистан
62%
Канада
62%
ОАЭ
62%
Сербия
62%
Азербайджан
59%
Андорра
56%
Израиль
56%
Финляндия
56%
Швеция
56%
Бельгия
54%
Дания
54%
Испания
54%
Монголия
54%
Польша
54%
Таджикистан
54%
Швейцария
54%
Армения
51%
Марокко
51%
Норвегия
51%
Оман
51%
Сингапур
51%
Шри-Ланка
51%
Куба
49%
Мьянма
49%
Словакия
49%
Словения
49%
Бахрейн
46%
Кувейт
44%
Нидерланды
44%
Чехия
44%
Колумбия
41%
Люксембург
41%
Фиджи
38%
Мальдивы
31%
Коста-Рика
28%
Маврикий
26%
Эсватини
13%
No matching quizzes found
Score Distribution
Percent of People with Each Score
Percentile by Number Answered
Your Score History
You have not taken this quiz